| 000 | 00874nam a22002417a 4500 | ||
|---|---|---|---|
| 999 |
_c19959 _d19959 |
||
| 003 | AR-CdUCM | ||
| 008 | 190516b ||||| |||| 00| 0 spa d | ||
| 040 |
_aMUNICIPALIDAD PROVINCIAL DEL CUSCO _cBIBLIOTECA MUNICIPAL DEL CUSCO |
||
| 082 |
_a973.09 / _bR84 |
||
| 100 |
_aRostow, W. W. _941745 |
||
| 245 | _aLos Estados Unidos en la Palestina mundial / | ||
| 260 |
_aMadrid : _bTecnos, _c1962. |
||
| 300 |
_a602 paginas ; _c25 cm. |
||
| 440 |
_aColección de ciencias sociales _98245 |
||
| 505 | _aContenido : La evolución de estilo nacional -- Evolución del diplomático y el militar Americano -- la segunda guerra mundial... | ||
| 650 |
_aDesarrollo económico Americano _941746 |
||
| 650 |
_aMilitarismo _95662 |
||
| 650 |
_aGuerra y paz _92999 |
||
| 650 |
_aCrisis Americana _941747 |
||
| 700 |
_aGerona Peña, Juan _941748 |
||
| 942 |
_2ddc _cLIBROS |
||
| 945 | _arcc | ||